The Cambridge history of Egypt / (Record no. 14342)
[ view plain ]
| 000 -LEADER | |
|---|---|
| fixed length control field | 01588cam a2200397 i 4500 |
| 001 - CONTROL NUMBER | |
| control field | 1197660 |
| 003 - CONTROL NUMBER IDENTIFIER | |
| control field | EG-ScBUE |
| 005 - DATE AND TIME OF LATEST TRANSACTION | |
| control field | 20240627085818.0 |
| 008 - FIXED-LENGTH DATA ELEMENTS--GENERAL INFORMATION | |
| fixed length control field | 980310k20062008enkab f b 001 0 eng d |
| 020 ## - INTERNATIONAL STANDARD BOOK NUMBER | |
| International Standard Book Number | 0521471370 (v. 1) |
| 020 ## - INTERNATIONAL STANDARD BOOK NUMBER | |
| International Standard Book Number | 9780521068840 (v. 2) |
| 020 ## - INTERNATIONAL STANDARD BOOK NUMBER | |
| International Standard Book Number | 9780521472111 (v.2 hardback) |
| 035 ## - SYSTEM CONTROL NUMBER | |
| System control number | (DLC) 98016515 |
| 040 ## - CATALOGING SOURCE | |
| Original cataloging agency | DLC |
| Language of cataloging | eng |
| Description conventions | rda |
| Transcribing agency | DLC |
| Modifying agency | DLC |
| -- | EG-ScBUE |
| 043 ## - GEOGRAPHIC AREA CODE | |
| Geographic area code | f-ua--- |
| 082 04 - DEWEY DECIMAL CLASSIFICATION NUMBER | |
| Classification number | 962 |
| Item number | CAM |
| Edition number | 22 |
| 245 04 - TITLE STATEMENT | |
| Title | The Cambridge history of Egypt / |
| Statement of responsibility, etc | edited by Carl F. Petry, M. W. Daly. |
| 264 #1 - PUBLICATION, DISTRIBUTION, ETC. (IMPRINT) | |
| Place of publication, distribution, etc | Cambridge : |
| Name of publisher, distributor, etc | Cambridge University Press, |
| Date of publication, distribution, etc | [2006-2008] |
| 300 ## - PHYSICAL DESCRIPTION | |
| Extent | 2 volumes : |
| Other physical details | illustrations, maps ; |
| Dimensions | 24 cm |
| 336 ## - CONTENT TYPE | |
| Source | rdacontent |
| Content type term | text |
| Content type code | txt |
| 337 ## - MEDIA TYPE | |
| Media type term | unmediated |
| Source | rdamedia |
| Media type code | n |
| 338 ## - CARRIER TYPE | |
| Carrier type term | volume |
| Carrier type code | nc |
| Source | rdacarrier |
| 504 ## - BIBLIOGRAPHY, ETC. NOTE | |
| Bibliography, etc | Includes bibliographical references and index.<br/> |
| 505 0# - FORMATTED CONTENTS NOTE | |
| Formatted contents note | Volume 1. Islamic Egypt, 640-1517 / edited by Carl F. Petry -- Volume 2. Modern Egypt, from 1517 to the end of the twentieth century / edited by M.W. Daly. |
| 590 ## - LOCAL NOTE (RLIN) | |
| Local note | doaa mohamed ,Menna Elemam |
| 651 #7 - SUBJECT ADDED ENTRY--GEOGRAPHIC NAME | |
| Geographic name | Egypt |
| General subdivision | History. |
| Source of heading or term | BUEsh |
| 9 (RLIN) | 15728 |
| 653 ## - INDEX TERM--UNCONTROLLED | |
| Arrived date list | August2015 |
| Resource For college | BAEPS, Political Science |
| 655 ## - INDEX TERM--GENRE/FORM | |
| Form subdivision | Reading book |
| 700 1# - ADDED ENTRY--PERSONAL NAME | |
| Personal name | Petry, Carl F., |
| Dates associated with a name | 1943- |
| Relator term | editor. |
| 9 (RLIN) | 15729 |
| 700 1# - ADDED ENTRY--PERSONAL NAME | |
| Personal name | Daly, M. W., |
| Relator term | editor. |
| 9 (RLIN) | 15730 |
| 856 41 - ELECTRONIC LOCATION AND ACCESS | |
| Materials specified | Sample text |
| Uniform Resource Identifier | <a href="http://www.loc.gov/catdir/samples/cam032/98016515.html">http://www.loc.gov/catdir/samples/cam032/98016515.html</a> |
| 856 42 - ELECTRONIC LOCATION AND ACCESS | |
| Materials specified | Publisher description |
| Uniform Resource Identifier | <a href="http://www.loc.gov/catdir/description/cam029/98016515.html">http://www.loc.gov/catdir/description/cam029/98016515.html</a> |
| 856 41 - ELECTRONIC LOCATION AND ACCESS | |
| Materials specified | Table of contents |
| Uniform Resource Identifier | <a href="http://www.loc.gov/catdir/toc/cam022/98016515.html">http://www.loc.gov/catdir/toc/cam022/98016515.html</a> |
| 942 ## - ADDED ENTRY ELEMENTS (KOHA) | |
| Source of classification or shelving scheme | Dewey Decimal Classification |
| Koha item type | Book - Borrowing |
| Withdrawn status | Lost status | Source of classification or shelving scheme | Damaged status | Not for loan | Collection code | Home library | Current library | Shelving location | Date acquired | Source of acquisition | Cost, normal purchase price | Serial Enumeration / chronology | Total Checkouts | Total Renewals | Full call number | Barcode | Date last seen | Date checked out | Koha item type | Public note | Price effective from |
|---|---|---|---|---|---|---|---|---|---|---|---|---|---|---|---|---|---|---|---|---|---|
| Dewey Decimal Classification | Baccah | Central Library | Central Library | Second Floor | 01/07/2010 | Purchase | 174.00 | 10498 | 4 | 15 | 962 CAM | 000021373 | 15/07/2025 | 09/10/2021 | Book - Borrowing | VOL 1 | |||||
| Dewey Decimal Classification | Baccah | Central Library | Central Library | Second Floor | 01/07/2010 | Purchase | 174.00 | 10498 | 18 | 116 | 962 CAM | 000021372 | 15/07/2025 | 09/02/2020 | Book - Borrowing | VOL 2 | |||||
| Dewey Decimal Classification | Baccah | Central Library | Central Library | Second Floor | 23/08/2015 | Purchase | 9 | 99 | 962 CAM | 000028954 | 15/07/2025 | 06/11/2024 | Book - Borrowing | VOL 2 | |||||||
| Dewey Decimal Classification | Baccah | Central Library | Central Library | Second Floor | 23/08/2015 | Purchase | 10 | 39 | 962 CAM | 000028956 | 15/07/2025 | 09/02/2020 | Book - Borrowing | VOL 2 | 23/08/2015 | ||||||
| Dewey Decimal Classification | Baccah | Central Library | Central Library | Second Floor | 23/08/2015 | Purchase | 7 | 78 | 962 CAM | 000028957 | 15/07/2025 | 19/03/2023 | Book - Borrowing | VOL 2 | 23/08/2015 | ||||||
| Dewey Decimal Classification | Baccah | Central Library | Central Library | Second Floor | 23/08/2015 | Purchase | 5 | 23 | 962 CAM | 000028958 | 15/07/2025 | 07/05/2023 | Book - Borrowing | VOL 2 | 23/08/2015 | ||||||
| Dewey Decimal Classification | Baccah | Central Library | Central Library | Second Floor | 23/08/2015 | Purchase | 9 | 79 | 962 CAM | 000027394 | 15/07/2025 | 23/11/2019 | Book - Borrowing | VOL 2 | 23/08/2015 | ||||||
| Dewey Decimal Classification | Baccah | Central Library | Central Library | Second Floor | 23/08/2015 | Purchase | 3 | 25 | 962 CAM | 000027395 | 15/07/2025 | 25/09/2016 | Book - Borrowing | VOL 2 | 23/08/2015 | ||||||
| Dewey Decimal Classification | Baccah | Central Library | Central Library | Second Floor | 23/08/2015 | Purchase | 7 | 48 | 962 CAM | 000027396 | 15/07/2025 | 08/01/2019 | Book - Borrowing | VOL 2 | 23/08/2015 | ||||||
| Dewey Decimal Classification | Baccah | Central Library | Central Library | Second Floor | 23/08/2015 | Purchase | 4 | 26 | 962 CAM | 000027393 | 15/07/2025 | 10/09/2023 | Book - Borrowing | VOL 2 | 23/08/2015 | ||||||
| Dewey Decimal Classification | Baccah | Central Library | Central Library | Second Floor | 23/08/2015 | Purchase | 2 | 4 | 962 CAM | 000028955 | 15/07/2025 | 17/08/2016 | Book - Borrowing | VOL 2 | 23/08/2015 |